Every European Country by Coastline - Statistics

General Stats
  • This quiz has been taken 34 times
    32 since last reset
  • The average score is 19 of 29
Answer Stats
Km Country % Correct
27,400 Norway
96%
16,700 United Kingdom
92%
48,800 Denmark
88%
12,200 France
88%
9,480 Greece
88%
6,020 Italy
88%
5,010 Spain
88%
4,190 Finland
84%
6,520 Sweden
84%
2,730 Croatia
76%
2,120 Portugal
76%
3,450 Ireland
72%
18 Bosnia and Herzegovina
68%
5,200 Iceland
68%
7 Monaco
68%
95 Belgium
60%
1,490 Estonia
60%
2,660 Germany
60%
677 Poland
56%
27 Slovenia
56%
2,900 Ukraine
52%
456 Albania
48%
216 Lithuania
48%
167 Montenegro
48%
338 Bulgaria
44%
523 Latvia
44%
1,360 Netherlands
44%
469 Romania
44%
108 Malta
40%
No matching quizzes found
Score Distribution
Percent of People with Each Score
Percentile by Number Answered
Your Score History
You have not taken this quiz since the last reset